000 00235 a2200097 4500
001 44002
100 _aQureshi
245 _aThe economic and social system of Islam
260 _aLahore
_bIslamic book service
_c
090 _c27740
_d27740
942 _aNUST-CAE
_cM
_c19714
999 _c279075
_d279075